[Event "SR 2. liga A 2010/2011"]
[Site "?"]
[Date "2011.03.26"]
[Round "59.3"]
[White "Godula, Martin"]
[Black "Biro, Karol"]
[Result "1-0"]
[WhiteElo "2179"]
[BlackElo "2132"]
[PlyCount "125"]
[EventDate "2010.??.??"]
[WhiteTeam "Slovakia"]
[BlackTeam "Slovakia"]
[WhiteTeamCountry "SVK"]
[BlackTeamCountry "SVK"]

1. e4 c5 2. Nf3 d6 3. d4 cxd4 4. Nxd4 Nf6 5. Nc3 g6 6. Be3 Bg7 7. f3 Nc6 8. Qd2
Bd7 9. O-O-O O-O 10. g4 Ne5 11. Kb1 Rc8 12. h4 h5 13. gxh5 Nxh5 14. Bh6 Rxc3
15. Bxg7 Rxc2 16. Qxc2 Kxg7 17. Qd2 Qb6 18. Be2 Nc6 19. Nf5+ Bxf5 20. exf5 Qc5
21. Bd3 Ne5 22. Be4 Ng3 23. Rh3 Nxf3 24. f6+ exf6 25. Qf4 Nxe4 26. Qxe4 Ne5 27.
Qxb7 Nc4 28. Rc3 Rc8 29. Ka1 Qf2 30. Qb3 Na5 31. Qd5 Rxc3 32. bxc3 Qc2 33. Qd3
Qa4 34. Rb1 Qxh4 35. Qxd6 Nc4 36. Qc5 Nd2 37. Rd1 Qh2 38. Qd5 Qe5 39. Rxd2
Qxc3+ 40. Kb1 Qb4+ 41. Kc2 Qa4+ 42. Kc3 g5 43. Qc4 Qa5+ 44. Kc2 Qf5+ 45. Kb3
Qa5 46. Rd7 Qb6+ 47. Ka4 Kh6 48. Rxf7 Qd6 49. Rc7 Qd1+ 50. Ka5 Qd2+ 51. Ka6 g4
52. Rc6 Kg5 53. Kxa7 f5 54. a4 g3 55. Qg8+ Kf4 56. Rc4+ Kf3 57. Qc8 Qe3+ 58.
Ka6 Qd3 59. Qc6+ Kf2 60. Kb7 Qb3+ 61. Kc7 Qe3 62. Rc2+ Kg1 63. Qg2# 1-0

[Event "SR 2. liga A 2010/2011"]
[Site "?"]
[Date "2011.03.26"]
[Round "59.4"]
[White "Kebis, Milos"]
[Black "Benovic, Marek"]
[Result "1-0"]
[WhiteElo "1994"]
[BlackElo "1988"]
[PlyCount "65"]
[EventDate "2010.??.??"]
[WhiteTeam "Slovakia"]
[BlackTeam "Slovakia"]
[WhiteTeamCountry "SVK"]
[BlackTeamCountry "SVK"]

1. c4 e5 2. Nc3 Nc6 3. g3 d6 4. Bg2 Nf6 5. Nf3 Be7 6. d4 O-O 7. O-O exd4 8.
Nxd4 Ne5 9. b3 c6 10. Bb2 Qb6 11. Na4 Qa5 12. Qc2 Bg4 13. h3 Bh5 14. f4 Ned7
15. Bc3 Qc7 16. g4 Bxg4 17. hxg4 Nxg4 18. Rf3 Ndf6 19. Nf5 Rfe8 20. e4 b5 21.
Nb2 Bd8 22. Rg3 h5 23. Rd1 d5 24. e5 b4 25. Be1 Ne4 26. Bxe4 dxe4 27. Qxe4 Re6
28. c5 g5 29. Nc4 gxf4 30. Qxf4 Rg6 31. Rd6 f6 32. e6 Be7 33. Qe4 1-0

[Event "SR 2. liga A 2010/2011"]
[Site "?"]
[Date "2011.03.26"]
[Round "59.5"]
[White "Manak, Jozef"]
[Black "Povysil, Peter"]
[Result "1/2-1/2"]
[WhiteElo "2032"]
[BlackElo "2012"]
[PlyCount "59"]
[EventDate "2010.??.??"]
[WhiteTeam "Slovakia"]
[BlackTeam "Slovakia"]
[WhiteTeamCountry "SVK"]
[BlackTeamCountry "SVK"]

1. e4 e6 2. d4 d5 3. Nd2 Nc6 4. Ngf3 Nf6 5. e5 Nd7 6. c3 f6 7. exf6 Qxf6 8. Bb5
Bd6 9. O-O O-O 10. Nb3 e5 11. dxe5 Ndxe5 12. Ng5 Ne7 13. Be2 Bd7 14. Be3 h6 15.
Nf3 b6 16. Nxe5 Qxe5 17. g3 Bh3 18. Re1 Qe4 19. Bf1 Bxf1 20. Rxf1 Nf5 21. Re1
Rae8 22. Bd4 Qxe1+ 23. Qxe1 Rxe1+ 24. Rxe1 c5 25. Be3 Re8 26. Rd1 Nxe3 27. fxe3
Rxe3 28. Rxd5 Bf8 29. Kf2 Re7 30. Nd2 1/2-1/2

[Event "SR 2. liga A 2010/2011"]
[Site "?"]
[Date "2011.03.26"]
[Round "59.6"]
[White "Nepras, Martin"]
[Black "Manak, Adrian"]
[Result "1-0"]
[WhiteElo "2008"]
[BlackElo "1909"]
[PlyCount "70"]
[EventDate "2010.??.??"]
[WhiteTeam "Slovakia"]
[BlackTeam "Slovakia"]
[WhiteTeamCountry "SVK"]
[BlackTeamCountry "SVK"]

1. d4 d5 2. c4 c6 3. cxd5 cxd5 4. Nc3 Nc6 5. Nf3 Nf6 6. e3 a6 7. a3 Bg4 8. Be2
e6 9. O-O Bd6 10. Bd2 O-O 11. Rc1 Rc8 12. Ne1 Bxe2 13. Qxe2 Na5 14. Nxd5 Bxh2+
15. Kxh2 Qxd5 16. Nd3 Nc4 17. Bb4 Rfd8 18. Be7 Re8 19. Bxf6 gxf6 20. Nf4 Qb5
21. Nh5 Qg5 22. Nxf6+ Qxf6 23. Rxc4 Qh4+ 24. Kg1 Qe4 25. Rfc1 Rxc4 26. Rxc4 e5
27. dxe5 Qb1+ 28. Kh2 Re6 29. Rg4+ Kf8 30. f4 Qc1 31. Kg3 b5 32. Qd3 Qxb2 33.
Qd8+ Re8 34. Qd6+ Re7 35. Qh6+ Ke8 1-0

[Event "SR 2. liga A 2010/2011"]
[Site "?"]
[Date "2011.03.26"]
[Round "59.7"]
[White "Nemsak, Denis"]
[Black "Dolnak, Michal"]
[Result "0-1"]
[WhiteElo "1791"]
[BlackElo "1878"]
[PlyCount "40"]
[EventDate "2010.??.??"]
[WhiteTeam "Slovakia"]
[BlackTeam "Slovakia"]
[WhiteTeamCountry "SVK"]
[BlackTeamCountry "SVK"]

1. c4 e5 2. Nf3 Nc6 3. Nc3 Nf6 4. g3 Bb4 5. Qb3 e4 6. Ng5 Bxc3 7. Qxc3 h6 8.
Nh3 O-O 9. Bg2 d5 10. cxd5 Nxd5 11. Qc4 Re8 12. O-O Bg4 13. Re1 Nb6 14. Qc3 Nd4
15. Kf1 Na4 16. Qb4 Qd7 17. b3 Bxh3 18. bxa4 Nc2 19. Qc3 Bxg2+ 20. Kxg2 Nxe1+
0-1

[Event "SR 2. liga A 2010/2011"]
[Site "?"]
[Date "2011.03.26"]
[Round "59.8"]
[White "Holubcik, Marian"]
[Black "Mihalik, Anton"]
[Result "0-1"]
[WhiteElo "1968"]
[BlackElo "1919"]
[PlyCount "92"]
[EventDate "2010.??.??"]
[WhiteTeam "Slovakia"]
[BlackTeam "Slovakia"]
[WhiteTeamCountry "SVK"]
[BlackTeamCountry "SVK"]

1. f4 d5 2. e3 Nf6 3. Nf3 Bg4 4. h3 Bxf3 5. Qxf3 e6 6. b3 Nbd7 7. Bb2 c6 8. d3
Qa5+ 9. Nd2 Bb4 10. Qe2 Bc3 11. Bxc3 Qxc3 12. Rc1 Nc5 13. g4 g6 14. Bg2 O-O-O
15. O-O h5 16. g5 Ne8 17. h4 Nd6 18. Bh3 Nf5 19. Bxf5 exf5 20. Nf3 Nd7 21. d4
Rhe8 22. Ne5 Nxe5 23. dxe5 d4 24. Kf2 dxe3+ 25. Qxe3 Rd2+ 26. Kf3 Qa5 27. Rf2
Red8 28. Rcf1 R2d4 29. Kg2 Re4 30. Qc1 Qxa2 31. Rd2 Qa5 32. Rxd8+ Qxd8 33. Qa3
Re2+ 34. Rf2 Qd5+ 35. Kf1 Qd1+ 36. Kg2 Rxf2+ 37. Kxf2 Qxc2+ 38. Ke1 Qe4+ 39.
Kd1 Qd4+ 40. Kc2 Qf2+ 41. Kd3 c5 42. Kc3 Qd4+ 43. Kc2 a6 44. Qa5 Qb4 45. Qa1
Qxf4 46. Qc3 Qd4 0-1

[Event "SR 2. liga A 2010/2011"]
[Site "?"]
[Date "2011.03.26"]
[Round "60.1"]
[White "Likavsky, Tomas"]
[Black "Federic, Jozef"]
[Result "1-0"]
[WhiteElo "2459"]
[BlackElo "2283"]
[PlyCount "81"]
[EventDate "2010.??.??"]
[WhiteTeam "Slovakia"]
[BlackTeam "Slovakia"]
[WhiteTeamCountry "SVK"]
[BlackTeamCountry "SVK"]

1. d4 d5 2. c4 c6 3. Nf3 Nf6 4. e3 Bf5 5. Nc3 e6 6. Nh4 Bg6 7. Nxg6 hxg6 8. Bd2
Be7 9. g3 Nbd7 10. b3 O-O 11. Bg2 dxc4 12. bxc4 e5 13. c5 Re8 14. O-O Nf8 15.
dxe5 N6d7 16. Ne4 Nxc5 17. Rb1 Nfe6 18. Nxc5 Nxc5 19. Qc2 Qc7 20. Bc3 Rad8 21.
Bd4 b6 22. Kh1 Bf8 23. f4 Rc8 24. Rbc1 Qd7 25. Bf3 Rc7 26. Rfd1 Qc8 27. Qg2 Rd8
28. h4 Ne6 29. Rxc6 Rxc6 30. Bxc6 Bc5 31. Bd5 Bxd4 32. exd4 Qc3 33. Bxe6 fxe6
34. d5 exd5 35. Rxd5 Rc8 36. Rd2 Qa3 37. Kh2 Rc3 38. h5 gxh5 39. Rd8+ Kh7 40.
Qe4+ g6 41. Qb7+ 1-0

[Event "SR 2. liga A 2010/2011"]
[Site "?"]
[Date "2011.03.26"]
[Round "60.2"]
[White "Banas, Kamil"]
[Black "Doucha, Ludvik"]
[Result "1-0"]
[WhiteElo "2255"]
[BlackElo "2099"]
[PlyCount "95"]
[EventDate "2010.??.??"]
[WhiteTeam "Slovakia"]
[BlackTeam "Slovakia"]
[WhiteTeamCountry "SVK"]
[BlackTeamCountry "SVK"]

1. e4 e5 2. Nf3 d6 3. Nc3 c5 4. b4 cxb4 5. Nd5 Nf6 6. Nxf6+ gxf6 7. d4 Nc6 8.
d5 Ne7 9. Nh4 f5 10. exf5 Nxf5 11. Nxf5 Bxf5 12. Qf3 Qd7 13. Qb3 a6 14. Qxb4
Bxc2 15. Be2 Bg7 16. Ba3 O-O 17. O-O Rfd8 18. Rac1 Rac8 19. Qh4 f5 20. Qg3 b5
21. Bb4 Kh8 22. Qa3 Bh6 23. f4 Qb7 24. Bc3 b4 25. Qxb4 Qxb4 26. Bxb4 Bxf4 27.
Rxf4 exf4 28. Bxa6 Ra8 29. Rxc2 Rxa6 30. a3 Ra7 31. Rc6 Rad7 32. Kf2 Kg7 33.
Kf3 Kg6 34. Kxf4 Kf6 35. Rc3 Rg8 36. Rh3 Rxg2 37. Rh6+ Rg6 38. Bc3+ Ke7 39.
Rxh7+ Kd8 40. Rh8+ Kc7 41. Kxf5 Rg2 42. h4 Re2 43. h5 Kb6 44. Rc8 Kb7 45. Rc4
Rc7 46. Rxc7+ Kxc7 47. h6 Kb6 48. h7 1-0

[Event "SR 2. liga A 2010/2011"]
[Site "?"]
[Date "2011.03.26"]
[Round "60.3"]
[White "Liptak, Dusan"]
[Black "Skara, Vladimir"]
[Result "0-1"]
[WhiteElo "2086"]
[BlackElo "2161"]
[PlyCount "34"]
[EventDate "2010.??.??"]
[WhiteTeam "Slovakia"]
[BlackTeam "Slovakia"]
[WhiteTeamCountry "SVK"]
[BlackTeamCountry "SVK"]

1. d4 Nf6 2. c4 e6 3. Nc3 c5 4. Nf3 a6 5. a3 cxd4 6. Nxd4 Nc6 7. Nb3 d5 8. cxd5
exd5 9. Bg5 Be6 10. e3 Be7 11. Be2 h6 12. Bh4 O-O 13. Bf3 Ne5 14. Be2 Qb6 15.
Na4 Qa7 16. Qd4 b5 17. Nb6 Nc6 0-1

[Event "SR 2. liga A 2010/2011"]
[Site "?"]
[Date "2011.03.26"]
[Round "60.4"]
[White "Mydlarik, Martin"]
[Black "Hertel, Ondrej"]
[Result "1-0"]
[WhiteElo "2136"]
[BlackElo "2072"]
[PlyCount "49"]
[EventDate "2010.??.??"]
[WhiteTeam "Slovakia"]
[BlackTeam "Slovakia"]
[WhiteTeamCountry "SVK"]
[BlackTeamCountry "SVK"]

1. e4 c6 2. d4 d5 3. Nc3 dxe4 4. Nxe4 Nd7 5. Bc4 Ngf6 6. Ng5 e6 7. Qe2 Nb6 8.
Bd3 h6 9. N5f3 c5 10. c3 Be7 11. dxc5 Bxc5 12. Ne5 Nbd7 13. Ngf3 Nxe5 14. Nxe5
Qc7 15. Bf4 Bd6 16. Rd1 Nd5 17. Bb5+ Ke7 18. Rxd5 exd5 19. Nc4+ Kf6 20. Bxd6
Qd8 21. Qe5+ Kg6 22. Be7 dxc4 23. Bxd8 Rxd8 24. O-O Be6 25. Bxc4 1-0

[Event "SR 2. liga A 2010/2011"]
[Site "?"]
[Date "2011.03.26"]
[Round "60.5"]
[White "Sturdik, Igor"]
[Black "Kundrak, Vladimir"]
[Result "1-0"]
[WhiteElo "2071"]
[BlackElo "1961"]
[PlyCount "97"]
[EventDate "2010.??.??"]
[WhiteTeam "Slovakia"]
[BlackTeam "Slovakia"]
[WhiteTeamCountry "SVK"]
[BlackTeamCountry "SVK"]

1. e4 c5 2. Nf3 Nc6 3. d4 cxd4 4. Nxd4 g6 5. Nc3 Bg7 6. Be3 Nf6 7. Bc4 O-O 8.
Bb3 a5 9. f3 d5 10. Bxd5 Nxd5 11. Nxd5 Rb8 12. c3 e6 13. Nxc6 bxc6 14. Nb6 Ba6
15. Qxd8 Rfxd8 16. Rd1 Rxd1+ 17. Kxd1 Be5 18. Kc1 Bc7 19. Nd7 Rd8 20. Rd1 Bc8
21. Nf6+ Kg7 22. Rxd8 Bxd8 23. Ng4 f6 24. Kd2 Ba6 25. Nf2 Kf7 26. b3 Ke8 27.
Nd3 Be7 28. Nb2 Bd8 29. Na4 Bc7 30. g3 Ke7 31. Bc5+ Kd7 32. Bd4 Ke7 33. f4 f5
34. e5 h5 35. Bc5+ Kd7 36. Bb6 Bb5 37. Nc5+ Kc8 38. Bxc7 Kxc7 39. Nxe6+ Kb6 40.
Nf8 a4 41. Nxg6 axb3 42. axb3 c5 43. Nh4 Bd7 44. Ng2 Be6 45. b4 cxb4 46. cxb4
Kb5 47. Kc3 Bd5 48. Ne3 Be6 49. Nc2 1-0

[Event "SR 2. liga A 2010/2011"]
[Site "?"]
[Date "2011.03.26"]
[Round "60.6"]
[White "Prielozny, Marek"]
[Black "Puchart, Vladimir"]
[Result "1-0"]
[WhiteElo "2002"]
[BlackElo "2064"]
[PlyCount "37"]
[EventDate "2010.??.??"]
[WhiteTeam "Slovakia"]
[BlackTeam "Slovakia"]
[WhiteTeamCountry "SVK"]
[BlackTeamCountry "SVK"]

1. d4 Nf6 2. Nf3 e6 3. Bf4 d5 4. e3 Be7 5. Bd3 O-O 6. Nbd2 Nbd7 7. Ne5 c5 8. c3
Re8 9. Ndf3 Ne4 10. Nxd7 Bxd7 11. Ne5 Bc6 12. Qh5 Rf8 13. f3 Nf6 14. Qh3 g6 15.
Qh6 Re8 16. Bg5 Nh5 17. Nxf7 Kxf7 18. Qxh7+ Kf8 19. Bh6+ 1-0

[Event "SR 2. liga A 2010/2011"]
[Site "?"]
[Date "2011.03.26"]
[Round "60.7"]
[White "Mosny, Jaroslav"]
[Black "Sustak, Roman"]
[Result "1-0"]
[WhiteElo "1982"]
[BlackElo "1966"]
[PlyCount "37"]
[EventDate "2010.??.??"]
[WhiteTeam "Slovakia"]
[BlackTeam "Slovakia"]
[WhiteTeamCountry "SVK"]
[BlackTeamCountry "SVK"]

1. d4 Nf6 2. Nf3 e6 3. e3 c5 4. Bd3 cxd4 5. exd4 d5 6. O-O Be7 7. Nbd2 Nc6 8.
c3 Bd7 9. Re1 O-O 10. Nf1 h6 11. Ng3 Rc8 12. Bf4 Be8 13. Bc2 Bd6 14. Qd3 Ne7
15. Ne5 Ng6 16. Bd2 Bxe5 17. dxe5 Ne4 18. Nxe4 Nxe5 19. Nf6+ 1-0

[Event "SR 2. liga A 2010/2011"]
[Site "?"]
[Date "2011.03.26"]
[Round "60.8"]
[White "Horvath, Marek"]
[Black "Krist, Milan"]
[Result "1/2-1/2"]
[WhiteElo "1820"]
[BlackElo "2004"]
[PlyCount "97"]
[EventDate "2010.??.??"]
[WhiteTeam "Slovakia"]
[BlackTeam "Slovakia"]
[WhiteTeamCountry "SVK"]
[BlackTeamCountry "SVK"]

1. e4 c6 2. d4 d5 3. exd5 cxd5 4. Bd3 Nf6 5. Nf3 e6 6. O-O Bd6 7. Re1 O-O 8.
Nbd2 b6 9. c3 Ba6 10. Bc2 Nbd7 11. Ne5 Qc7 12. Ndf3 Bb7 13. Ba4 a6 14. Bg5 b5
15. Bxf6 Nxf6 16. Bc2 Rac8 17. Rc1 Qe7 18. a3 a5 19. a4 b4 20. Re3 Rc7 21. Bb3
bxc3 22. Rexc3 Rfc8 23. Rxc7 Rxc7 24. Rxc7 Qxc7 25. Bc2 h6 26. h3 Qb6 27. b3
Qc7 28. Qd3 Ne4 29. Ng4 Qc3 30. Ne3 Qa1+ 31. Qd1 Qxd1+ 32. Nxd1 Kf8 33. Bd3 Ke7
34. Kf1 Bb4 35. Ke2 Nc3+ 36. Nxc3 Bxc3 37. Ke3 Bb4 38. Bb5 f6 39. Ng1 Kd6 40.
f3 e5 41. Ne2 Bc8 42. Bd3 Be6 43. Ng3 Bc3 44. dxe5+ fxe5 45. Nf5+ Bxf5 46. Bxf5
g5 47. g4 Kc5 48. Be6 Kd6 49. Bf5 1/2-1/2

[Event "SR 2. liga A 2010/2011"]
[Site "?"]
[Date "2011.03.27"]
[Round "61.1"]
[White "Varga, David"]
[Black "Vlcek, Stanislav"]
[Result "1-0"]
[WhiteElo "2360"]
[BlackElo "2257"]
[PlyCount "159"]
[EventDate "2010.??.??"]
[WhiteTeam "Slovakia"]
[BlackTeam "Slovakia"]
[WhiteTeamCountry "SVK"]
[BlackTeamCountry "SVK"]

1. e4 c5 2. Nf3 d6 3. d4 cxd4 4. Nxd4 Nf6 5. Nc3 a6 6. Be3 e6 7. f3 b5 8. Qd2
Nbd7 9. g4 Nb6 10. g5 Nfd7 11. h4 Bb7 12. h5 b4 13. Nd1 d5 14. Qg2 e5 15. Nf5
g6 16. hxg6 fxg6 17. Nh4 Bg7 18. Qg4 d4 19. Bd2 Qe7 20. Nf2 Rc8 21. Nd3 Rxc2
22. Bxb4 Qf7 23. b3 Bf8 24. Ba5 Bd6 25. Kd1 Rc6 26. Ng2 O-O 27. Nge1 Re8 28.
Qh4 Nf8 29. Nf2 Bc8 30. Ng4 Bxg4 31. Qxg4 Nbd7 32. Rh2 Rec8 33. Rc2 Qf4 34.
Qxf4 exf4 35. Rac1 Ne5 36. Rxc6 Rxc6 37. Rxc6 Nxc6 38. Bc4+ Kg7 39. Bd2 a5 40.
Nd3 Nb4 41. Nxf4 Nxa2 42. Ne2 Bc5 43. Bxa5 h6 44. gxh6+ Kxh6 45. f4 Kh5 46. Kd2
Kg4 47. Kd3 Kf3 48. e5 Nb4+ 49. Bxb4 Bxb4 50. Bd5+ Kg4 51. Kxd4 g5 52. Ke4 gxf4
53. Nxf4 Kg5 54. Bc6 Ba3 55. Nd5 Ng6 56. b4 Bxb4 57. Nxb4 Nxe5 58. Kxe5 Kg6 59.
Nd3 Kf7 60. Nf4 Kg7 61. Bd5 Kh7 62. Kf6 Kh8 63. Ng6+ Kh7 64. Be6 Kh6 65. Bg8
Kh5 66. Ne5 Kh6 67. Ng4+ Kh5 68. Kf5 Kh4 69. Kf4 Kh3 70. Ne3 Kh4 71. Bf7 Kh3
72. Bh5 Kh4 73. Bf3 Kh3 74. Ng2 Kh2 75. Kg4 Kg1 76. Kg3 Kf1 77. Bg4 Kg1 78. Ne3
Kh1 79. Bh3 Kg1 80. Nf5 1-0

[Event "SR 2. liga A 2010/2011"]
[Site "?"]
[Date "2011.03.27"]
[Round "61.2"]
[White "Petrik, Stanislav"]
[Black "Jablonicky, Frantisek"]
[Result "0-1"]
[WhiteElo "2187"]
[BlackElo "2150"]
[PlyCount "118"]
[EventDate "2010.??.??"]
[WhiteTeam "Slovakia"]
[BlackTeam "Slovakia"]
[WhiteTeamCountry "SVK"]
[BlackTeamCountry "SVK"]

1. e4 {0} c6 2. c4 d5 3. cxd5 cxd5 4. exd5 Nf6 5. Nc3 Nxd5 6. Qb3 e6 7. Nf3 Nc6
8. Bc4 Nf4 9. O-O Nd3 10. Ne4 Nxc1 11. Raxc1 a6 12. d4 Be7 13. Qe3 Nb4 14. Ne5
Nd5 15. Qh3 O-O 16. Rfd1 f5 17. Nc5 Bg5 18. Rc2 b6 19. Ncd3 Bb7 20. f4 Be7 21.
Rcd2 Rf6 22. Qg3 Rc8 23. Bb3 Nc7 24. Ne1 Nb5 25. Qe3 Bd5 26. N1f3 Qd6 27. a4
Nc7 28. Rc2 Re8 29. Rdc1 Bd8 30. Nc6 Bxb3 31. Qxb3 Nd5 32. g3 Rff8 33. Nxd8
Rxd8 34. Rc6 Qd7 35. Qc4 b5 36. axb5 axb5 37. Qxb5 Rb8 38. Qe2 Rfe8 39. Ng5 Rb6
40. Rxb6 Nxb6 41. Qe5 Nd5 42. Rc5 Nf6 43. Nf3 Qb7 44. Qe2 Ne4 45. Rc2 Ra8 46.
Qc4 Qd5 47. Qxd5 exd5 48. b4 Ra1+ 49. Kg2 Rb1 50. Rc8+ Kf7 51. Rb8 Rb2+ 52. Kh3
h6 53. Ne5+ Ke6 54. Rb6+ Nd6 55. Nd3 Rd2 56. Nc5+ Ke7 57. Rc6 g5 58. fxg5 hxg5
59. Rc7+ Ke8 0-1

[Event "SR 2. liga A 2010/2011"]
[Site "?"]
[Date "2011.03.27"]
[Round "61.3"]
[White "Rachela, Jozef"]
[Black "Petrik, Karol"]
[Result "1-0"]
[WhiteElo "2072"]
[BlackElo "2075"]
[PlyCount "75"]
[EventDate "2010.??.??"]
[WhiteTeam "Slovakia"]
[BlackTeam "Slovakia"]
[WhiteTeamCountry "SVK"]
[BlackTeamCountry "SVK"]

1. e4 {0} d5 2. exd5 Qxd5 3. Nc3 Qd6 4. g3 Nc6 5. Bg2 Nf6 6. Nge2 a6 7. d3 e5
8. h3 Be7 9. Be3 O-O 10. O-O Be6 11. Qd2 Nd4 12. f4 Nxe2+ 13. Qxe2 exf4 14.
Rxf4 Qd7 15. g4 c6 16. Raf1 Nd5 17. Nxd5 cxd5 18. Bd4 Rfe8 19. R4f3 Rac8 20.
Qf2 Bd6 21. c3 b5 22. h4 b4 23. g5 bxc3 24. bxc3 Qe7 25. Bh3 Rf8 26. Bf5 Qc7
27. h5 Qe7 28. Qe2 Qd7 29. h6 Bxf5 30. Rxf5 g6 31. R5f2 Rfe8 32. Qf3 Be5 33.
Bxe5 Rxe5 34. Qf6 Rxg5+ 35. Qxg5 f5 36. Re1 a5 37. c4 Qc7 38. Rfe2 1-0

[Event "SR 2. liga A 2010/2011"]
[Site "?"]
[Date "2011.03.27"]
[Round "61.4"]
[White "Krajnak, Robert"]
[Black "Merva, Frantisek"]
[Result "0-1"]
[WhiteElo "2083"]
[BlackElo "2038"]
[PlyCount "102"]
[EventDate "2010.??.??"]
[WhiteTeam "Slovakia"]
[BlackTeam "Slovakia"]
[WhiteTeamCountry "SVK"]
[BlackTeamCountry "SVK"]

1. c4 Nf6 2. Nc3 g6 3. Nf3 d5 4. cxd5 Nxd5 5. e3 Bg7 6. Bc4 Nb6 7. Bb3 O-O 8.
d4 c6 9. O-O N8d7 10. e4 Nf6 11. h3 Bd7 12. Be3 Qc7 13. Rc1 Rad8 14. e5 Ne8 15.
Ng5 Bf5 16. e6 fxe6 17. Bxe6+ Kh8 18. Bxf5 Rxf5 19. Ne6 Qd7 20. Nxd8 Qxd8 21.
Ne4 Nc7 22. Nc5 Qc8 23. a4 Ne6 24. a5 Nd5 25. Nxe6 Qxe6 26. Qb3 Qd7 27. a6 b5
28. Rc5 Rf6 29. Rfc1 Re6 30. Rxd5 cxd5 31. Rc5 Rxa6 32. Rxb5 Ra1+ 33. Kh2 h6
34. Rxd5 Qc7+ 35. g3 e6 36. Rc5 Qf7 37. Kg2 Kh7 38. Bf4 Qe7 39. Be5 Bxe5 40.
dxe5 h5 41. Qb8 Kh6 42. Qh8+ Qh7 43. Qf8+ Qg7 44. Qf4+ Kh7 45. Qe4 Qd7 46. h4
Rd1 47. Qc6 Qd3 48. Rc3 Qf1+ 49. Kf3 Rd3+ 50. Ke4 Qe2+ 51. Kf4 Qg4# 0-1

[Event "SR 2. liga A 2010/2011"]
[Site "?"]
[Date "2011.03.27"]
[Round "61.5"]
[White "Takacs, Laszlo"]
[Black "Magyar, Frantisek"]
[Result "0-1"]
[WhiteElo "1921"]
[BlackElo "2079"]
[PlyCount "102"]
[EventDate "2010.??.??"]
[WhiteTeam "Slovakia"]
[BlackTeam "Slovakia"]
[WhiteTeamCountry "SVK"]
[BlackTeamCountry "SVK"]

1. e4 {0} c5 {0} 2. Nf3 Nc6 3. d4 cxd4 4. Nxd4 Nf6 5. Nc3 e5 6. Ndb5 d6 7. Bg5
a6 8. Na3 b5 9. Nd5 Be7 10. Bxf6 Bxf6 11. c3 O-O 12. Bd3 Bg5 13. O-O Ne7 14. c4
Nxd5 15. cxd5 Bd7 16. Nc2 a5 17. Qe2 Qb6 18. Kh1 b4 19. Ne3 Bxe3 20. fxe3 Rac8
21. Rac1 Rc5 22. Rxc5 Qxc5 23. b3 Rc8 24. Bc4 Qb6 25. h3 Rc5 26. Qf3 Be8 27.
Qf5 Qc7 28. h4 Qe7 29. h5 Bd7 30. Qf2 h6 31. Qf3 Qh4+ 32. Kg1 f6 33. Be2 Rc3
34. Rd1 Qg5 35. Kf2 Rc2 36. Kg1 Rxe2 37. Qxe2 Bg4 38. Qd2 Bxd1 39. Qxd1 Qxe3+
40. Kh2 Qxe4 41. Kh1 f5 42. Kh2 Kf7 43. Kh1 Kf6 44. Qc1 Qxd5 45. Qc7 Qd1+ 46.
Kh2 Qxh5+ 47. Kg1 Qd1+ 48. Kh2 Qd5 49. Qd8+ Kg6 50. Qe8+ Kh7 51. Qf8 e4 0-1

[Event "SR 2. liga A 2010/2011"]
[Site "?"]
[Date "2011.03.27"]
[Round "61.6"]
[White "Farkas, Vladimir"]
[Black "Feher, Tibor"]
[Result "1/2-1/2"]
[WhiteElo "1946"]
[BlackElo "1805"]
[PlyCount "48"]
[EventDate "2010.??.??"]
[WhiteTeam "Slovakia"]
[BlackTeam "Slovakia"]
[WhiteTeamCountry "SVK"]
[BlackTeamCountry "SVK"]

1. e4 c5 2. Nf3 d6 3. d4 cxd4 4. Nxd4 Nf6 5. Nc3 a6 6. Be2 Nc6 7. O-O Nxd4 8.
Qxd4 e5 9. Qd3 Be7 10. h3 h6 11. Be3 Be6 12. b3 Rc8 13. Na4 b5 14. Nb2 d5 15.
exd5 Qxd5 16. c4 Qxd3 17. Bxd3 e4 18. Be2 Ba3 19. Rab1 Bxb2 20. Rxb2 bxc4 21.
bxc4 Nd7 22. c5 Nxc5 23. Bxc5 Rxc5 24. Bxa6 O-O 1/2-1/2

[Event "SR 2. liga A 2010/2011"]
[Site "?"]
[Date "2011.03.27"]
[Round "61.7"]
[White "Kahancova, Jana"]
[Black "Goga, Frantisek"]
[Result "1/2-1/2"]
[WhiteElo "1581"]
[BlackElo "1912"]
[PlyCount "50"]
[EventDate "2010.??.??"]
[WhiteTeam "Slovakia"]
[BlackTeam "Slovakia"]
[WhiteTeamCountry "SVK"]
[BlackTeamCountry "SVK"]

1. e4 {0} c5 {0} 2. Nf3 d6 3. d4 cxd4 4. Nxd4 Nf6 5. Nc3 a6 6. Be3 e5 7. Nb3
Be6 8. Qd2 Be7 9. f3 O-O 10. O-O-O b5 11. Kb1 Nbd7 12. Qf2 Qc7 13. Bd3 Nc5 14.
Nxc5 dxc5 15. Nd5 Bxd5 16. exd5 c4 17. Be4 Nxe4 18. fxe4 Rab8 19. Rhf1 b4 20.
Rc1 c3 21. b3 Qa5 22. Rcd1 Bc5 23. a4 Bxe3 24. Qxe3 Qb6 25. Qd3 Qd6 1/2-1/2

[Event "SR 2. liga A 2010/2011"]
[Site "?"]
[Date "2011.03.27"]
[Round "62.1"]
[White "Pagerka, Martin"]
[Black "Janos, Martin"]
[Result "1/2-1/2"]
[WhiteElo "2263"]
[BlackElo "2250"]
[PlyCount "208"]
[EventDate "2010.??.??"]
[WhiteTeam "Slovakia"]
[BlackTeam "Slovakia"]
[WhiteTeamCountry "SVK"]
[BlackTeamCountry "SVK"]

1. e4 d6 2. d4 Nd7 3. Nc3 c5 4. Nf3 a6 5. dxc5 Nxc5 6. e5 Bf5 7. exd6 Qxd6 8.
Qxd6 exd6 9. Nd4 Bg6 10. Bf4 Ne6 11. Nxe6 fxe6 12. O-O-O O-O-O 13. g3 Bf5 14.
Bg2 Nf6 15. h3 h6 16. g4 Bg6 17. Rhe1 Bf7 18. Na4 g5 19. Bg3 e5 20. c4 Nd7 21.
b3 b6 22. Bc6 Kc7 23. Bxd7 Rxd7 24. c5 bxc5 25. Nxc5 Rd8 26. Nxa6+ Kb6 27. Nb4
Ra8 28. Kb2 Ra5 29. a4 Be7 30. Rc1 Rc5 31. f3 Rxc1 32. Rxc1 h5 33. Bf2+ Kb7 34.
a5 d5 35. a6+ Ka8 36. Nd3 e4 37. Bd4 Re8 38. Ne1 Bd6 39. fxe4 hxg4 40. hxg4
dxe4 41. Rc6 Bf4 42. b4 Be6 43. Nc2 Bxg4 44. Rg6 Bf5 45. Rg7 e3 46. b5 e2 47.
b6 Be4 48. b7+ Bxb7 49. axb7+ Kb8 50. Bc3 e1=Q 51. Nxe1 Be5 52. Bxe5+ Rxe5 53.
Nd3 Rb5+ 54. Kc3 Rxb7 55. Rxg5 Rh7 56. Kd4 Kc7 57. Kc5 Kd7 58. Kd5 Ke7 59. Rg6
Rh2 60. Re6+ Kf8 61. Nf4 Rh1 62. Rc6 Re1 63. Rc7 Kg8 64. Ng6 Rg1 65. Ne5 Rg7
66. Rc6 Rg1 67. Ke6 Kg7 68. Rc7+ Kh6 69. Rc5 Re1 70. Rc2 Kg5 71. Rf2 Ra1 72.
Rf5+ Kh4 73. Rf8 Rb1 74. Rg8 Ra1 75. Nf3+ Kh3 76. Kf5 Ra4 77. Nd2 Kh2 78. Ne4
Ra7 79. Kf4 Rf7+ 80. Ke3 Ra7 81. Nd2 Kh3 82. Ne4 Kh4 83. Nf6 Ra6 84. Nd5 Ra1
85. Ke4 Rf1 86. Nf4 Ra1 87. Ne2 Kh5 88. Ng3+ Kh6 89. Kf4 Ra4+ 90. Ne4 Ra1 91.
Nd6 Rf1+ 92. Ke5 Kh5 93. Nf5 Ra1 94. Ng3+ Kh6 95. Kf4 Ra4+ 96. Ne4 Ra1 97. Rg2
Ra5 98. Rg1 Kh7 99. Nf6+ Kh6 100. Nd7 Ra7 101. Ne5 Kh7 102. Kf5 Ra2 103. Nd7
Rf2+ 104. Ke6 Kh6 1/2-1/2

[Event "SR 2. liga A 2010/2011"]
[Site "?"]
[Date "2011.03.27"]
[Round "62.2"]
[White "Janos, Jozef"]
[Black "Cajka, Tibor"]
[Result "1-0"]
[WhiteElo "2196"]
[BlackElo "2111"]
[PlyCount "93"]
[EventDate "2010.??.??"]
[WhiteTeam "Slovakia"]
[BlackTeam "Slovakia"]
[WhiteTeamCountry "SVK"]
[BlackTeamCountry "SVK"]

1. e4 e5 2. Nf3 Nc6 3. Bb5 Nf6 4. Nc3 d6 5. O-O a6 6. Bxc6+ bxc6 7. d4 exd4 8.
Nxd4 c5 9. Nde2 Be7 10. f3 O-O 11. Be3 Rb8 12. b3 Be6 13. Nf4 Qc8 14. Qe2 Qb7
15. Rad1 Rbd8 16. Rfe1 Rfe8 17. g4 Nd7 18. Qf2 c6 19. Nce2 Ne5 20. c4 a5 21.
Qg2 a4 22. Nxe6 fxe6 23. f4 Nf7 24. Rd3 axb3 25. axb3 Ra8 26. g5 g6 27. Qg4
Bxg5 28. Ng3 Be7 29. Bc1 Bf6 30. e5 dxe5 31. Ne4 Qe7 32. Rd7 Nh6 33. Qh3 $138
Qf8 34. Nxf6+ Qxf6 35. Qxh6 Ra2 36. Qxh7+ Kf8 37. Qh6+ Kg8 38. Qg5 Qxg5+ 39.
fxg5 Rf8 40. Be3 Rf3 41. Rb7 Rh3 42. Rd1 Ra8 43. Bxc5 Rc3 44. Be7 e4 45. Bf6
Rd3 46. Rxd3 exd3 47. Rd7 1-0